Focus Staffordshire and Shropshire (Record no. 82548)
[ view plain ]
| 000 -LEADER | |
|---|---|
| fixed length control field | 00864cab a22002175a 4500 |
| 001 - CONTROL NUMBER | |
| control field | L150538 |
| 008 - FIXED-LENGTH DATA ELEMENTS--GENERAL INFORMATION | |
| fixed length control field | 100726e20100717xxk 000 0 eng d |
| 035 ## - SYSTEM CONTROL NUMBER | |
| System control number | (Sirsi) u150538 |
| 041 0# - LANGUAGE CODE | |
| Language code of text/sound track or separate title | eng |
| 100 1# - MAIN ENTRY--PERSONAL NAME | |
| Personal name | Pilkington, Lisa |
| 245 00 - TITLE STATEMENT | |
| Title | Focus Staffordshire and Shropshire |
| 260 ## - PUBLICATION, DISTRIBUTION, ETC. | |
| Date of publication, distribution, etc. | 2010 |
| 490 ## - SERIES STATEMENT | |
| Series statement | Estates Gazette |
| Volume/sequential designation | (1028) 17 July 2010, 67-75(7) |
| 520 ## - SUMMARY, ETC. | |
| Summary, etc. | Features a £275m retail development in Stoke-on-Trent where Realis Estates is progressing with plans to develop the empty East West Centre into a regional shopping destination. Also features new plans for Shrewsbury?s retail scene. With information on prime rents for industrial and offices in the area. |
| 590 ## - LOCAL NOTE (RLIN) | |
| Local note | KA |
| 651 #4 - SUBJECT ADDED ENTRY--GEOGRAPHIC NAME | |
| Geographic name | Staffordshire |
| 651 #4 - SUBJECT ADDED ENTRY--GEOGRAPHIC NAME | |
| Geographic name | Shropshire |
| 690 ## - LOCAL SUBJECT ADDED ENTRY--TOPICAL TERM (OCLC, RLIN) | |
| Topical term or geographic name as entry element | PROPERTY-COMMERCIAL PROPERTY-COMMERCIAL PROPERTY MARKET |
| 700 1# - ADDED ENTRY--PERSONAL NAME | |
| Personal name | Thame, David |
| 942 ## - ADDED ENTRY ELEMENTS (KOHA) | |
| Suppress in OPAC | 0 |
| Withdrawn status | Lost status | Source of classification or shelving scheme | Damaged status | Not for loan | Home library | Current library | Shelving location | Date acquired | Total Checkouts | Full call number | Barcode | Date last seen | Copy number | Price effective from | Koha item type |
|---|---|---|---|---|---|---|---|---|---|---|---|---|---|---|---|
| Dewey Decimal Classification | London | London | Journal article | 26/07/2010 | L150538 | 150538-1001 | 06/08/2019 | 1 | 06/08/2019 | Journal article |